| 000 | 01789cam a22004454i 4500 | ||
|---|---|---|---|
| 003 | PE-LiUPU | ||
| 005 | 20250731175640.0 | ||
| 008 | 150706s r 000 0 d | ||
| 020 | _a9781405862349 | ||
| 035 | _a(Sirsi) i9781405862349 | ||
| 040 |
_aPE-LiUPU _bspa _cPE-LiUPU _erda |
||
| 049 | _aPRUA | ||
| 082 | 0 | 4 |
_a428.6461 _bPR 3t _221 |
| 100 | 1 |
_aBuchan, John, _d1875-1940, _eautor. |
|
| 245 | 1 | 4 |
_aThe thirty-nine steps / _cJohn Buchan contada por Roland John. |
| 264 | 1 |
_aHarlow : _bPearson Education, _c2008. |
|
| 300 |
_a84 páginas : _bilustraciones ; _c20 cm. |
||
| 300 | _a02 CD-ROM | ||
| 336 |
_atext _2rdacontent |
||
| 337 |
_aunmediated _2rdamedia |
||
| 338 |
_avolume _2rdacarrier |
||
| 490 | 0 |
_aPenguin Readers ; _vLevel 3 |
|
| 505 | 0 | _aThe man who died -- The milkman -- The innkeeper -- The adventure with sir Harry -- The roadman who wore glasses -- The man with the strange eyes -- The fisherman -- The black stone -- The thirty-nine steps -- The house by the sea -- Activities -- Word list. | |
| 526 | _aP145 | ||
| 526 | _aP127 | ||
| 526 | _aP97 | ||
| 526 | _aP35 | ||
| 526 | _aP14 | ||
| 526 | _aP07 | ||
| 541 | _g002-0046574; | ||
| 650 | 1 | 4 |
_aInglés _vLibros de Lectura. |
| 700 | 1 | _aJohn, Roland | |
| 700 | 1 |
_aLesniak, Piotr, _eil. |
|
| 910 |
_agl _cjck _d20120514 |
||
| 942 |
_2ddc _cBOOK |
||
| 949 |
_a428.6461 PR 3T _wDEWEY _c1 _i64624 _lCCODEBUL1 _mBUL _p5.00 _r0 _sY _tBOOK _u2015-7-6 _xEDUCACION _PP20 _o.STAFF. Colección General |
||
| 994 |
_aC0 _bPEPRU |
||
| 596 | _a1 | ||
| 999 |
_a428.6461 PR 3T _wDEWEY _c53332 _i64624 _f2021-11-8 _g5 _lCCODEBUL1 _mBUL _p5.00 _r0 _sY _tBOOK _u2015-7-6 _xEDUCACION _PP20 _0COMPRA _o.STAFF. Colección General _d53332 |
||
| 980 |
_81 _gALBERTO SANCHEZ Responsable de Automatización |
||